| 000 | 00391 a2200157 4500 | ||
|---|---|---|---|
| 005 | 20250610163813.0 | ||
| 020 | _a0-273-64679-6 | ||
| 082 | _a646.04 GRI | ||
| 100 | _aGRIFFITHS, M. | ||
| 245 | _aLaw for Purchasing and Supply | ||
| 250 | _a3rd Ed. | ||
| 260 |
_aLondon, _bPearson, _c2002. |
||
| 300 |
_axxix, 327p.;figure, table _bIndex _c26cm. |
||
| 700 | _aGRIFFITHS, I. | ||
| 942 |
_2ddc _cBKS |
||
| 999 |
_c3656 _d3656 |
||